000 01203nam a2200301 4500
001 ebr10120761
003 CaPaEBR
006 m u
007 cr cn|||||||||
008 030912s2003 wiua s 001 0 eng d
020 _z1930919387
040 _aCaPaEBR
_cCaPaEBR
035 _a(OCoLC)80247351
050 1 4 _aHF5719
_b.B47 2003eb
082 0 4 _a651.7/8/028557585
_221
100 1 _aBerntson, Craig.
245 1 0 _aCrysDev
_h[electronic resource] :
_ba developer's guide to integrating Crystal reports /
_cCraig Berntson, Dan Jurden.
260 _aWhitefish Bay, Wis. :
_bHentzenwerke Publishing,
_cc2003.
300 _axxi, 450 p. :
_bill.
500 _aIncludes index.
533 _aElectronic reproduction.
_bPalo Alto, Calif. :
_cebrary,
_d2009.
_nAvailable via World Wide Web.
_nAccess may be limited to ebrary affiliated libraries.
630 0 0 _aCrystal reports (Electronic resource)
650 0 _aBusiness report writing
_xComputer programs.
655 7 _aElectronic books.
_2local
700 1 _aJurden, Dan.
_4aut
710 2 _aebrary, Inc.
856 4 0 _uhttp://site.ebrary.com/lib/rucke/Doc?id=10120761
_zAn electronic book accessible through the World Wide Web; click to view
999 _c111668
_d111668